Evangelio de Jesucristo según San Marcos
保存先:
| 第一著者: | |
|---|---|
| フォーマット: | 図書 |
| 言語: | スペイン語 |
| 出版事項: |
Pamplona
Verbo Divino
2007
|
| シリーズ: | Cuadernos Bíblicos, 133
|
| 主題: | |
| タグ: |
タグ追加
タグなし, このレコードへの初めてのタグを付けませんか!
|
MARC
| LEADER | 00000cam a2200000 a 4500 | ||
|---|---|---|---|
| 001 | UCH8816 | ||
| 003 | CL-VaPUC | ||
| 008 | 091211e20070000SP |||||||||||||||||spa|d | ||
| 020 | |a 9788481695427 | ||
| 082 | 0 | 4 | |a 226.3 |b LEO |2 21 |
| 100 | |a Léonard, Philippe |e author |9 545493 | ||
| 245 | 1 | 0 | |a Evangelio de Jesucristo según San Marcos |
| 300 | |a 84 p | ||
| 942 | |c BK | ||
| 945 | |d 20091211 00:00:00 |a dcastane | ||
| 260 | |a Pamplona |b Verbo Divino |c 2007 | ||
| 600 | 0 | |a Año litúrgico B |9 545494 | |
| 650 | 0 | |a Biblia |9 257603 | |
| 650 | 0 | |a Nuevo testamento |9 257604 | |
| 650 | 7 | |a EVANGELIO SAN MARCOS |2 CL-VaPUC |9 545495 | |
| 583 | |a last modification |c 20160705 11:07:18 |k Rodrigo Vera | ||
| 490 | 0 | |a Cuadernos Bíblicos, 133 | |
| 999 | |c 338923 |d 338921 | ||
| 952 | |0 0 |1 0 |4 0 |6 226_300000000000000_LEO_2007 |7 0 |8 A |9 432220 |a BIBTEO |b BIBTEO |d 2019-11-22 |i 462341K |o 226.3 LEO 2007 |p 462341K |r 2025-01-17 |w 2019-11-22 |y BK |k ICR | ||
| 952 | |0 0 |1 0 |3 erb |4 0 |6 226_300000000000000_LEO_2007 |7 0 |8 A |9 432221 |a BIBTEO |b BIBTEO |i 5295955 |o 226.3 LEO 2007 |p 5295955 |r 2025-01-17 |w 2019-11-22 |y BK |z Catalogado en:20160708 |k ICR | ||